|
|
|
|
| LEADER |
00000nab a2200000 a 4500 |
| 001 |
vtls010716211 |
| 003 |
SK-MaSNL |
| 005 |
20260304194520.0 |
| 008 |
250709s2001 xo |||||||||||||||||slo| |
| 035 |
|
|
|a (urnnbn)urn:nbn:sk:snk:ar-a04moc
|
| 035 |
|
|
|a (uuid)0bf58a0d-8805-4edc-8689-977d22a6a3b9
|
| 035 |
|
|
|a urn:nbn:sk:snk-ab3i9f
|
| 040 |
|
|
|a SNKBUCL
|b slo
|c SNKBUCL
|e AACR2
|
| 041 |
0 |
|
|a eng
|
| 044 |
|
|
|a xo
|c SK
|
| 100 |
1 |
|
|a Chochol, Drahomír,
|d 1947-
|4 aut
|9 104323
|
| 245 |
1 |
0 |
|a Analysis of multicolour light curves of the eclipsing binaries AQ Tuc and AY Vel
|c D. Chochol, C. J. Van Houten, T. Pribulla, J. Grygar
|
| 700 |
1 |
|
|a van Houten, C. J.
|4 aut
|9 1528950
|
| 700 |
1 |
|
|a Pribulla, Theodor,
|d 1970-
|4 aut
|9 237640
|
| 700 |
1 |
|
|a Grygar, Jiří,
|d 1936-
|4 aut
|9 258420
|
| 773 |
0 |
|
|t Contributions of the Astronomical Observatory Skalnaté Pleso
|g Roč. 31, č. 1 (2001), s. [5]-12
|
| 850 |
|
|
|a Slovenská národná knižnica
|
| 852 |
|
|
|a Slovenská národná knižnica
|
| 958 |
|
|
|a article1
|
| 958 |
|
|
|a OND
|
| 958 |
|
|
|a EUIPO
|
| 999 |
|
|
|c 3074755
|d 3076685
|